| 000 | 00678nam a2200217 i 4500 | ||
|---|---|---|---|
| 001 | 6279 | ||
| 003 | ES-MaACL | ||
| 005 | 20230906144849.0 | ||
| 007 | t| | ||
| 008 | 890913s1980 sp ||||0| spa d | ||
| 020 | _a84-85846-00-1 (O.C.) | ||
| 100 | 1 |
_aArana Goiri, Sabino ( _d1865-1903) _922256 |
|
| 245 | 1 | 0 | _aObras completas de Arana-Goiri'tar Sabin (Sabino de Arana-Goiri). |
| 250 | _a2ª ed. | ||
| 260 |
_aDonostia : _bSendoa Argitaldaria, _cD.L. 1980. |
||
| 300 |
_a3 v. (2478 p.) : _bil. ; _c24 cm. |
||
| 500 | _aIndices. | ||
| 504 | _aBibliografía: p. [2475]-2478. | ||
| 546 | _aTexto en castellano y vasco. | ||
| 852 |
_aES-MaACL _jL-13365-7 _bR.117031 _z. - plast. |
||
| 999 |
_c6279 _d6279 |
||